Zimbabwe First Level Subdivisions - Statistics

General Stats
  • This quiz has been taken 115 times
  • The average score is 5 of 10
Answer Stats
Provinces % Correct
Harare
98%
Bulawayo
61%
Masvingo
50%
Manicaland
48%
Mashonaland Central
48%
Matabeleland North
48%
Matabeleland South
48%
Mashonaland West
45%
Midlands
45%
Mashonaland East
43%
No matching quizzes found
Score Distribution
Percent of People with Each Score
Percentile by Number Answered
Your Score History
You have not taken this quiz